00525nam a22001577a 450000500170000000800410001702000220005804100080008008200160008810000660010424500960017025000130026626000540027930000100033365000240034320251127181015.0251125b |||||||| |||| 00| 0 eng d a978-81-19613-17-5 aeng a615.3 SUC-P aDR, SUCHARITHA. P & REDDY, DR. RAMESH AND REDDY, JAYASHANKAR  aPHARMACEUTICS -I : A Practicals manual for 1st semester . [ B. Pharma and 1st year D Pharm] a1st ed.  aNEW DELHIbINNOVATIVE PUBLICATION PVT LTD. c2024 a111;P aPHARMACY xB.PHARMA